Uśmiech Lwowa /
Spremljeno u:
| Glavni autor: | |
|---|---|
| Autor kompanije: | |
| Daljnji autori: | |
| Format: | Knjiga |
| Jezik: | poljski |
| Izdano: |
Kraków :
Oficyna Cracovia,
cop. 1989.
|
| Oznake: |
Bez oznaka, Budi prvi tko označuje ovaj zapis!
|
MARC
| LEADER | 00000nam a2200000 i 4500 | ||
|---|---|---|---|
| 001 | 9914959739505606 | ||
| 005 | 20260515140226.0 | ||
| 008 | 170222s1989 pl a 000 0 pol c | ||
| 020 | |a 8300025367 | ||
| 035 | |a 7127721-48omnis_network | ||
| 035 | |a (PL)b0001480540480 | ||
| 040 | |a POZN U |c POZN U | ||
| 090 | |c 52 |d 51 | ||
| 100 | 1 | |a Makuszyński, Kornel |d (1884-1953) | |
| 245 | 1 | 0 | |a Uśmiech Lwowa / |c Kornel Makuszyński ; [il. Kazimierz Marcin Moździerz]. |
| 260 | |a Kraków : |b Oficyna Cracovia, |c cop. 1989. | ||
| 300 | |a 73, [6] s. : |b il. ; |c 20 cm. | ||
| 700 | 1 | |a Moździerz, Kazimierz Marcin |d (1918-1997) |e Il. | |
| 710 | 2 | |a Oficyna Cracovia | |
| 920 | |a 83-00-02536-7 | ||
| 942 | |c K | ||
| 952 | |0 0 |1 0 |4 0 |6 R__30_000000000000000 |7 0 |9 50 |a RYT |b RYT |d 2026-03-17 |e 1/2026 |g 10.00 |l 0 |o R.30 |p 2000000000305 |r 2026-05-15 14:02:26 |w 2026-05-15 |y BK |z da | ||
| 999 | |c 50 |d 50 | ||